[Event "Staatsliga B South 1998/99"]
[Site "masterchessopen.com – Austria"]
[Round "10"]
[White "Ceschia Ivano (ITA)"]
[Black "Robatsch Karl (AUT)"]
[Result "1-0"]
[WhiteElo "2330"]
[BlackElo "2360"]

1.e4 c5 2.Nf3 d6 3.d4 cxd4 4.Nxd4 Nf6 5.Nc3 Nc6 6.Bc4 Bd7 7.O-O g6 8.Nxc6 Bxc6
9.Bg5 Bg7 10.Qe2 O-O 11.Kh1 Qd7 12.f3 a6 13.a4 Rfd8 14.Rad1 Qe8 15.f4 Nxe4
16.Nxe4 d5 17.Bd3 dxe4 18.Bxe4 Bxb2 19.Bxc6 Qxc6 20.Qxe7 Rxd1 21.Rxd1 Rd8
22.Qxd8+ Kg7 23.Be7 g5 24.Bf8+ {#r} 1-0

[Event "Ch Catalunia"]
[Site "masterchessopen.com – Barcelona (Spain)"]
[Round "1"]
[White "Princep JE"]
[Black "Baches Garcia Guillermo (ESP)"]
[Result "0-1"]
[WhiteElo "2085"]
[BlackElo "2285"]

1.e4 c5 2.d4 cxd4 3.Nf3 Nc6 4.Nxd4 Nf6 5.Nc3 d6 6.Bc4 Qb6 7.Be3 Qxb2 8.Ndb5
Qb4 9.O-O Qxc4 10.Nc7+ Kd8 11.Nxa8 Qxc3 12.Qe2 Ng4 13.Bd2 Nd4 14.Qe1 Qc4
15.Rb1 h5 16.Ba5+ b6 17.Nxb6 axb6 18.Bxb6+ Kd7 19.Qa5 Nc6 20.Qf5+ Qe6 21.Qb5
Qe5 {#R} 0-1

[Event "It (open) \"]
[Site "masterchessopen.com – Bratislava (Slovakia)"]
[Round "1"]
[White "Matejovic Juraj (SVK)"]
[Black "Manik Mikulas (SVK)"]
[Result "0-1"]
[WhiteElo "2243"]
[BlackElo "2447"]

1.e4 c5 2.Nf3 Nc6 3.d4 cxd4 4.Nxd4 Nf6 5.Nc3 d6 6.Bc4 Qb6 7.Nb3 e6 8.Bg5 Qc7
9.O-O a6 10.a4 b6 11.f4 Be7 12.Qe1 Bb7 13.Rd1 Nb4 14.Bb5+ axb5 15.Nxb5 Qxc2
16.Qxb4 O-O 17.Bxf6 Bxf6 18.Rc1 Qxe4 19.Qxe4 Bxe4 20.Nxd6 Bd5 21.Nd2 Rxa4
22.b3 Ra2 23.N2e4 Be7 24.f5 Bxd6 {#R} 0-1

[Event "It (cat.3)"]
[Site "masterchessopen.com – Budapest (Hungary)"]
[Round "3"]
[White "Dembo Yelena (GRE)"]
[Black "Kjetzae Johnny (GER)"]
[Result "1-0"]
[WhiteElo "2244"]
[BlackElo "2106"]

1.e4 c5 2.Nf3 d6 3.d4 cxd4 4.Nxd4 Nf6 5.Nc3 Nc6 6.Bc4 Qb6 7.Nb3 e6 8.Be3 Qc7
9.Bd3 a6 10.a4 b6 11.O-O Be7 12.f4 Rb8 13.Qf3 Bb7 14.Rae1 g6 15.g4 Nb4 16.g5
Nh5 17.Qf2 Ba8 18.Nd4 Nxd3 19.cxd3 Qd8 20.f5 Kd7 21.fxe6+ fxe6 22.Qh4 e5
23.Qg4+ Ke8 24.Ne6 {#r} 1-0

[Event "It (open) \"]
[Site "masterchessopen.com – Budapest (Hungary)"]
[Round "6"]
[White "Balogh Viktor (HUN)"]
[Black "Ruiz Gonzalez Guillermo (MEX)"]
[Result "0-1"]
[WhiteElo "2156"]
[BlackElo "2309"]

1.e4 c5 2.Nf3 d6 3.d4 cxd4 4.Nxd4 Nf6 5.Nc3 Nc6 6.Bc4 Qb6 7.Nxc6 bxc6 8.O-O g6
9.e5 dxe5 10.Qe2 Qc5 11.Be3 Qd6 12.Rad1 Qc7 13.f4 Bg4 14.Qf2 Bxd1 15.fxe5 Qxe5
16.Bd4 Qc7 17.Bxf6 exf6 18.Nd5 cxd5 19.Bb5+ Kd8 20.Qxf6+ Qe7 21.Qxh8 Bxc2
22.Bc6 Rc8 23.Bxd5 Bd3 24.Bb7 Qc5+ 25.Kh1 Bxf1 26.Qf6+ Qe7 {#R} 0-1

[Event "Ch Spain (juniors) (under 10)"]
[Site "masterchessopen.com – Cala Galdana (Spain)"]
[Round "0"]
[White "Gonzalez Lopez Julian (ESP)"]
[Black "Tierraseca Montero Pablo (ESP)"]
[Result "0-1"]
[WhiteElo "1960"]
[BlackElo "2103"]

1.e4 c5 2.Nf3 d6 3.d4 cxd4 4.Nxd4 Nf6 5.Nc3 Nc6 6.Bc4 g6 7.Bg5 Nd7 8.Nxc6 bxc6
9.Qf3 Ne5 10.Qe2 Bd7 11.f4 Nxc4 12.Qxc4 Bg7 13.O-O-O Qc7 14.h3 e6 15.Rd2 Qb8
16.Rhd1 d5 17.Qc5 f6 18.Bh4 Qxf4 19.Be1 Kf7 20.exd5 cxd5 21.Kb1 Rhc8 22.Qb4
Qxb4 {#R} 0-1

[Event "It (matches)"]
[Site "masterchessopen.com – Cannes (France)"]
[Round "1"]
[White "Valenti Giuseppe (ITA)"]
[Black "Marino Olivier (FRA)"]
[Result "0-1"]
[WhiteElo "2227"]
[BlackElo "2090"]

1.e4 c5 2.Nf3 d6 3.d4 cxd4 4.Nxd4 Nf6 5.Nc3 Nc6 6.Bc4 Qb6 7.Nb3 e6 8.Be3 Qc7
9.f4 Be7 10.O-O O-O 11.a3 a6 12.Bd3 b5 13.Qf3 Bb7 14.Qh3 Rad8 15.Rae1 b4
16.axb4 Nxb4 17.e5 Nxd3 18.exf6 Nxe1 19.fxe7 Bxg2 20.exf8=Q+ Rxf8 21.Qg3 Bxf1
22.Qxe1 Bc4 23.Nd4 e5 24.fxe5 dxe5 25.Qg3 f5 26.b3 f4 {#R} 0-1

[Event "Ch Colombia (team)"]
[Site "masterchessopen.com – Colombia"]
[Round "2"]
[White "Meneses Alberto"]
[Black "Royet Gustavo"]
[Result "0-1"]
[WhiteElo "1790"]
[BlackElo "1930"]

1.e4 c5 2.Nf3 Nc6 3.Bc4 d6 4.d4 cxd4 5.Nxd4 Nf6 6.Nc3 g6 7.Be3 Bg7 8.Qd3 O-O
9.f3 Bd7 10.O-O Rc8 11.Rf2 Ne5 12.Qe2 Nxc4 13.b3 Nxe3 14.Qxe3 Ne8 15.f4 Qb6
16.Rd1 Nc7 17.Rd3 Ne6 18.Nde2 Qxe3 19.Rxe3 Nd4 20.e5 Nxc2 21.Ng3 Nxe3 {#R} 0-1

[Event "Extra League 1999/00"]
[Site "masterchessopen.com – Czech Republic"]
[Round "5"]
[White "Mirumian Vigen (CZE)"]
[Black "Manik Mikulas (SVK)"]
[Result "1-0"]
[WhiteElo "2506"]
[BlackElo "2447"]

1.e4 c5 2.Nc3 d6 3.Nf3 Nf6 4.d4 cxd4 5.Nxd4 Nc6 6.Bc4 Qb6 7.Nb3 e6 8.O-O Qc7
9.Bg5 a6 10.Bxf6 gxf6 11.Qh5 b5 12.Bd3 Bb7 13.a4 b4 14.Nd1 O-O-O 15.Ne3 Ne5
16.f4 Nxd3 17.cxd3 Qb6 18.Rfe1 f5 19.Qxf7 Kb8 20.a5 Qc7 21.Qxc7+ Kxc7 22.Nd4
Kd7 23.exf5 exf5 24.Nc4 Kc8 25.Nb6+ {#r} 1-0

[Event "Ch France (team) (2) 1998/99"]
[Site "masterchessopen.com – France"]
[Round "5"]
[White "Fantin Ludwig (FRA)"]
[Black "Perrin Guillaume (FRA)"]
[Result "1-0"]
[WhiteElo "2184"]
[BlackElo "2132"]

1.e4 c5 2.Nf3 Nc6 3.d4 cxd4 4.Nxd4 Nf6 5.Nc3 d6 6.Bc4 Bd7 7.Be3 Rc8 8.Qe2 a6
9.a4 e6 10.O-O Be7 11.f4 Na5 12.Bd3 Qc7 13.Bf2 Nc4 14.Nd1 g6 15.b3 Na5 16.Ne3
Nc6 17.Nc4 d5 18.exd5 Nxd5 19.Nxc6 Bxc6 20.Bd4 Bf6 21.Bxf6 Nxf6 22.Qe5 Qxe5
23.fxe5 {#r} 1-0

[Event "Regionalliga Northeast 1999/00"]
[Site "masterchessopen.com – Germany"]
[Round "8"]
[White "Fink Martin (GER)"]
[Black "Hoffmann Michael (GER)"]
[Result "1-0"]
[WhiteElo "1899"]
[BlackElo "2439"]

1.e4 c5 2.Nf3 Nc6 3.d4 cxd4 4.Nxd4 Nf6 5.Nc3 d6 6.Bc4 g6 7.Be3 Bg7 8.O-O O-O
9.Qd2 Ng4 10.Nxc6 bxc6 11.Bg5 Ne5 12.Bb3 Ba6 13.Rfe1 Qb6 14.Bxe7 Ng4 15.Na4
Bh6 16.Nxb6 Bxd2 17.Nxa8 Bxe1 18.Rxe1 Rxa8 19.Bxd6 Re8 20.Bc5 Nf6 21.e5 Nd7
22.Bxa7 Kg7 23.e6 Kf6 24.Bd4+ Kf5 25.h3 fxe6 26.Bxe6+ {#r} 1-0

[Event "Ch World (seniors)"]
[Site "masterchessopen.com – Gladenbach (Germany)"]
[Round "7"]
[White "Oldach Ehrenfried (GER)"]
[Black "Oud Niek (NED)"]
[Result "0-1"]
[WhiteElo "2049"]
[BlackElo "2202"]

1.e4 c5 2.Nf3 Nc6 3.d4 cxd4 4.Nxd4 Nf6 5.Nc3 d6 6.Bc4 Qb6 7.Ndb5 a6 8.Be3 Qa5
9.Nd4 e6 10.O-O Be7 11.Bb3 O-O 12.f4 Bd7 13.f5 Nxd4 14.Bxd4 e5 15.Be3 Bc6
16.Qf3 b5 17.Rfd1 b4 18.Nd5 Nxd5 19.Bxd5 Rac8 20.Qf2 Qc7 21.Bb6 Qb7 22.a3 Bxd5
23.exd5 Rc4 24.b3 Rf4 {#R} 0-1

[Event "It (open)"]
[Site "masterchessopen.com – Hamburg (Germany)"]
[Round "1"]
[White "Michailow Sergej (GER)"]
[Black "Tyomkin Dimitri (CAN)"]
[Result "0-1"]
[WhiteElo "2166"]
[BlackElo "2495"]

1.e4 c5 2.Nf3 d6 3.d4 cxd4 4.Nxd4 Nf6 5.Nc3 Nc6 6.Bc4 Qb6 7.Nxc6 bxc6 8.O-O g6
9.b3 Bg7 10.Bb2 O-O 11.Na4 Qc7 12.Qf3 Bb7 13.Bd3 Rad8 14.Qe3 Qb8 15.h3 c5
16.Rae1 Bc6 17.Nc3 Qb7 18.Nd1 Rd7 19.f4 e6 20.g4 d5 21.e5 d4 22.exf6 dxe3
23.fxg7 Rfd8 24.Nxe3 Rd4 25.f5 Qc7 {#R} 0-1

[Event "It (open)"]
[Site "masterchessopen.com – Hamburg (Germany)"]
[Round "2"]
[White "Zacharias Christian (GER)"]
[Black "Georgiev Vladimir (MKD)"]
[Result "0-1"]
[WhiteElo "2197"]
[BlackElo "2519"]

1.e4 c5 2.Nf3 Nc6 3.d4 cxd4 4.Nxd4 Nf6 5.Nc3 d6 6.Bc4 Bd7 7.O-O g6 8.h3 Bg7
9.Be3 O-O 10.Qd2 Rc8 11.Bb3 a6 12.f4 b5 13.a3 Na5 14.Rad1 Qc7 15.f5 Nxb3
16.Nxb3 Bc6 17.Qd3 Nd7 18.Bd4 Ne5 19.Qg3 a5 20.Rf2 b4 21.axb4 axb4 22.Nd5 Bxd5
23.exd5 Qb7 24.Bxe5 Bxe5 25.Qg4 Qb6 26.Rb1 Rxc2 {#R} 0-1

[Event "Ch Hessen (open)"]
[Site "masterchessopen.com – Hessen (Germany)"]
[Round "6"]
[White "Poetschke Wolfgang (GER)"]
[Black "Hintze Peter (GER)"]
[Result "1-0"]
[WhiteElo "2210"]
[BlackElo "2067"]

1.e4 c5 2.Nf3 Nc6 3.d4 cxd4 4.Nxd4 Nf6 5.Nc3 d6 6.Bc4 g6 7.Nxc6 bxc6 8.e5 Nd7
9.exd6 exd6 10.O-O Be7 11.Bh6 Ne5 12.Bg7 Rg8 13.Bxe5 dxe5 14.Qf3 Rf8 15.Qxc6+
Bd7 16.Qd5 {#r} 1-0

[Event "It (open) \"]
[Site "masterchessopen.com – Hungary"]
[Round "0"]
[White "Cioara Andrei Nestor (ROM)"]
[Black "Pataki Gyozo (HUN)"]
[Result "0-1"]
[WhiteElo "2423"]
[BlackElo "2269"]

1.e4 c5 2.Nf3 Nc6 3.d4 cxd4 4.Nxd4 Nf6 5.Nc3 d6 6.Bc4 Qb6 7.Nb3 e6 8.Bf4 Ne5
9.Be2 Bd7 10.O-O Be7 11.Be3 Qc7 12.Nd2 a6 13.a4 Bc6 14.f4 Ned7 15.Bf3 b6 16.g4
h6 17.Qe2 g5 18.e5 dxe5 19.Bxc6 Qxc6 20.fxe5 Nxe5 21.Bd4 Ned7 22.Nde4 Nxe4
23.Nxe4 e5 24.Ng3 Rf8 25.Nf5 {#R} 0-1

[Event "It (open)"]
[Site "masterchessopen.com – Lahti (Finland)"]
[Round "3"]
[White "Hautala Roman (FIN)"]
[Black "Pulkkinen Kari (FIN)"]
[Result "0-1"]
[WhiteElo "2201"]
[BlackElo "2302"]

1.e4 c5 2.Nf3 d6 3.d4 cxd4 4.Nxd4 Nf6 5.Nc3 Nc6 6.Bc4 Qb6 7.Nxc6 bxc6 8.O-O g6
9.e5 dxe5 10.Qe2 Nd7 11.Be3 Qc7 12.f4 Bg7 13.f5 O-O 14.fxg6 hxg6 15.Kh1 Nf6
16.Bc5 Bf5 17.h3 Nh5 18.Rf3 e4 19.Nxe4 Bxe4 20.Qxe4 Ng3+ 21.Rxg3 Qxg3 22.Bxe7
Rae8 23.Rf1 Be5 {#R} 0-1

[Event "Ch Netherlands (juniors) (under 16)"]
[Site "masterchessopen.com – Leiden (Netherlands)"]
[Round "3"]
[White "Vinck Martin (NED)"]
[Black "Den Heeten Djurre (NED)"]
[Result "1-0"]
[WhiteElo "2275"]
[BlackElo "2260"]

1.e4 c5 2.Nf3 Nc6 3.d4 cxd4 4.Nxd4 Nf6 5.Nc3 d6 6.Bc4 a6 7.Bb3 e5 8.Nde2 b5
9.Bg5 Be7 10.Bxf6 Bxf6 11.Qd5 Qc7 12.O-O-O O-O 13.Qxd6 Qb7 14.Nd5 Bg5+ 15.Kb1
Rd8 16.Qc5 h6 17.h4 Bf6 18.Nxf6+ gxf6 19.Rxd8+ Nxd8 {#r} 1-0

[Event "Ch Hungary (w)"]
[Site "masterchessopen.com – Lillafured (Hungary)"]
[Round "7"]
[White "Lakos Nikoletta (HUN)"]
[Black "Decsey Katalin (HUN)"]
[Result "1-0"]
[WhiteElo "2335"]
[BlackElo "2098"]

1.e4 c5 2.Nf3 d6 3.d4 cxd4 4.Nxd4 Nf6 5.Nc3 Nc6 6.Bc4 Qb6 7.Nb3 e6 8.O-O Be7
9.Bd3 a6 10.a4 Nb4 11.a5 Qc7 12.f4 Nxd3 13.Qxd3 Bd7 14.Qg3 O-O-O 15.Be3 Rdg8
16.Bb6 Qb8 17.Qd3 Bc6 18.Nd4 Nd7 19.Qc4 Qa8 20.Nd5 exd5 21.exd5 Bf6 22.dxc6
Bxd4+ 23.Bxd4 bxc6 24.Qxf7 Rf8 25.Qe7 c5 26.Bc3 Qc6 27.Rad1 {#r} 1-0

[Event "It (open)"]
[Site "masterchessopen.com – Mendrisio (Switzerland)"]
[Round "6"]
[White "Meszaros Andras (HUN)"]
[Black "Buehler Beat (SUI)"]
[Result "1-0"]
[WhiteElo "2321"]
[BlackElo "2215"]

1.e4 c5 2.Nf3 d6 3.d4 cxd4 4.Nxd4 Nf6 5.Nc3 Nc6 6.Bc4 Qb6 7.Nb3 e6 8.Bg5 Be7
9.Bxf6 gxf6 10.Qh5 Ne5 11.Be2 Bd7 12.f4 Ng6 13.Rf1 O-O-O 14.g3 Bc6 15.O-O-O
Kb8 16.Kb1 Ka8 17.Rd3 Qc7 18.Rfd1 Rc8 19.R3d2 Qb6 20.Na5 d5 21.exd5 exd5
22.Nb3 Rcd8 23.Nxd5 Bxd5 24.Rxd5 Rxd5 25.Qxd5 Qe6 26.Bf3 {#r} 1-0

[Event "Ch Russia (juniors) (under 14)"]
[Site "masterchessopen.com – Nizhnij Novgorod (Russia)"]
[Round "0"]
[White "Rjabzev Konstantin (RUS)"]
[Black "Smirnov Artem (RUS)"]
[Result "0-1"]
[WhiteElo "2316"]
[BlackElo "2171"]

1.e4 c5 2.Nf3 Nc6 3.d4 cxd4 4.Nxd4 Nf6 5.Nc3 d6 6.Bc4 Bd7 7.f4 g6 8.Nxc6 Bxc6
9.Be3 Bg7 10.Qf3 O-O 11.O-O a6 12.Bb3 b5 13.Rad1 Qc7 14.Bd4 e6 15.Bxf6 Bxf6
16.f5 b4 17.fxe6 fxe6 18.Qg4 bxc3 19.Qxe6+ Kg7 20.Rxd6 Rae8 21.Qxf6+ Rxf6
22.Rdxf6 Re7 23.e5 Qxe5 24.Rxc6 Qe3+ 25.Kh1 Qf2 26.Bc4 Re1 {#R} 0-1

[Event "Ch Slovakia"]
[Site "masterchessopen.com – Nove Zamky (Slovakia)"]
[Round "1"]
[White "Lanc Alois (SVK)"]
[Black "Krak Tomas (SVK)"]
[Result "1-0"]
[WhiteElo "2395"]
[BlackElo "2076"]

1.e4 c5 2.Nf3 Nc6 3.d4 cxd4 4.Nxd4 Nf6 5.Nc3 d6 6.Bc4 Qb6 7.Nb3 e6 8.O-O a6
9.Bg5 Be7 10.Kh1 Qc7 11.f4 b5 12.Bd3 Bd7 13.Qf3 O-O 14.a4 b4 15.Nd1 Na5 16.e5
dxe5 17.fxe5 Nd5 18.Qe4 g6 19.Bxe7 Nxe7 20.Ne3 Nxb3 21.cxb3 Bc6 22.Qh4 Qb7
23.Rf2 h5 24.Nc4 Nd5 25.Raf1 Qe7 26.Qg3 Kg7 27.Rf6 {#r} 1-0

[Event "It (open) (b)"]
[Site "masterchessopen.com – Polanica Zdroj (Poland)"]
[Round "6"]
[White "Madynski Pawel (POL)"]
[Black "Denderski Piotr (POL)"]
[Result "1-0"]
[WhiteElo "2194"]
[BlackElo "2240"]

1.e4 c5 2.Nf3 Nc6 3.d4 cxd4 4.Nxd4 Nf6 5.Nc3 d6 6.Bc4 Qb6 7.Nxc6 bxc6 8.O-O g6
9.Qe1 Bg7 10.e5 dxe5 11.Qxe5 O-O 12.Qxe7 Bf5 13.Bb3 Rae8 14.Qa3 Ng4 15.Bf4 Bd4
16.Bg3 Be5 17.Bxe5 Rxe5 18.h3 Ne3 19.Na4 Qd4 20.fxe3 Rxe3 21.Qc5 Qe4 22.Nc3
{#r} 1-0

[Event "Memorial M.Chigorin (open)"]
[Site "masterchessopen.com – St. Petersburg (Russia)"]
[Round "8"]
[White "Nouro Mikael (FIN)"]
[Black "Mishchenko Victor (UKR)"]
[Result "1-0"]
[WhiteElo "2344"]
[BlackElo "2254"]

1.e4 c5 2.Nf3 Nc6 3.d4 cxd4 4.Nxd4 Nf6 5.Nc3 d6 6.Bc4 Qb6 7.Nxc6 bxc6 8.O-O g6
9.e5 dxe5 10.Qe2 Qa5 11.Qf3 Qc5 12.Ne4 Qxc4 13.Nxf6+ Kd8 14.b3 Qe6 15.Rd1+ Kc7
16.Ne4 Bg7 17.Qc3 a5 18.Be3 f5 19.Nc5 Qf6 20.Na4 Ra6 21.b4 f4 22.Bb6+ Kb8
23.bxa5 f3 24.Rab1 Ka8 25.Bc7 Bh3 26.Qb4 {#r} 1-0

[Event "Ch Czech Republic (juniors) (under 14)"]
[Site "masterchessopen.com – Svetla nad Sazavou (Czech Republic)"]
[Round "1"]
[White "Kanovsky David (CZE)"]
[Black "Belan Vladimir (CZE)"]
[Result "1-0"]
[WhiteElo "2462"]
[BlackElo "2093"]

1.e4 c5 2.Nf3 d6 3.d4 cxd4 4.Nxd4 Nf6 5.Nc3 Nc6 6.Bc4 e5 7.Nxc6 bxc6 8.O-O Be7
9.Bb3 O-O 10.f4 Qb6+ 11.Kh1 Ng4 12.Qe1 Ba6 13.Rf3 Rad8 14.Qg3 Bc8 15.f5 Nf6
16.Bh6 Nh5 17.Qg4 Kh8 18.Qxh5 gxh6 19.f6 {#r} 1-0

[Event "Tournament (juniors) (under 18)"]
[Site "masterchessopen.com – Svetla nad Sazavou (Czech Republic)"]
[Round "0"]
[White "Hoffmann Matej (CZE)"]
[Black "Vohnout Pavel (CZE)"]
[Result "1-0"]
[WhiteElo "2106"]
[BlackElo "2057"]

1.e4 c5 2.Nf3 Nc6 3.d4 cxd4 4.Nxd4 d6 5.Nc3 Nf6 6.Bc4 g6 7.Nxc6 bxc6 8.e5 d5
9.exf6 dxc4 10.Qf3 Qc7 11.O-O Bb7 12.Bf4 e5 13.Bxe5 Qb6 14.Rfe1 O-O-O 15.Qg4+
Rd7 16.Rad1 Qd8 17.Qxc4 Bd6 18.Bxd6 Rxd6 19.Rxd6 Qxd6 20.Qxf7 Qd2 21.Qe6+ {#r}
1-0

[Event "It (open) (w)"]
[Site "masterchessopen.com – Warsaw (Poland)"]
[Round "0"]
[White "Peptan Corina-Isabela (ROM)"]
[Black "Cmilyte Viktorija (LTU)"]
[Result "0-1"]
[WhiteElo "2419"]
[BlackElo "2354"]

1.e4 c5 2.Nf3 d6 3.d4 Nf6 4.Nc3 cxd4 5.Nxd4 Nc6 6.Bc4 Qb6 7.Nb3 e6 8.O-O Be7
9.Bf4 Ne5 10.Be2 a6 11.Kh1 Qc7 12.Bg3 h5 13.h3 b5 14.f4 Nc4 15.Qd4 h4 16.Bh2
Bb7 17.e5 Nh5 18.exd6 Nxd6 19.f5 Ng3+ 20.Bxg3 hxg3 21.fxe6 Rxh3+ 22.Kg1 Rh2
23.exf7+ Kf8 24.Nd5 Qxc2 25.Nf4 Rxg2+ 26.Nxg2 Qxe2 27.Qd2 Qh5 {#R} 0-1

[Event "Ch Mittelfranken (QT)"]
[Site "masterchessopen.com – Ansbach (Germany)"]
[Round "7"]
[White "Reuschel Stefan (GER)"]
[Black "Hoffmann Michael (GER)"]
[Result "0-1"]
[WhiteElo "1966"]
[BlackElo "2458"]

1.e4 c5 2.Nf3 Nc6 3.d4 cxd4 4.Nxd4 Nf6 5.Nc3 d6 6.Bc4 a6 7.Bg5 e5 8.Nf3 Be7
9.Qe2 Bg4 10.h3 Bxf3 11.Qxf3 b5 12.Bd5 Nxd5 13.Bxe7 Ndxe7 {#R} 0-1

[Event "Staatsliga 2000/01"]
[Site "masterchessopen.com – Austria"]
[Round "3"]
[White "Polzin Rainer (GER)"]
[Black "Martinovic Slobodan (SRB)"]
[Result "1-0"]
[WhiteElo "2465"]
[BlackElo "2448"]

1.e4 c5 2.Nf3 d6 3.d4 cxd4 4.Nxd4 Nf6 5.Nc3 Nc6 6.Bc4 Qb6 7.Be3 Qxb2 8.Ndb5
Qb4 9.Qe2 Be6 10.Bxe6 fxe6 11.O-O Kf7 12.Rab1 Qa5 13.Rb3 g6 14.f4 Bg7 15.e5
dxe5 16.fxe5 Nxe5 17.Bd4 Nc6 18.Nd6+ exd6 19.Rxb7+ Ne7 20.Bxf6 Bxf6 21.Ne4 Qe5
22.Rxf6+ Ke8 23.Qc4 Rc8 24.Qxe6 Qd4+ 25.Rf2 {#r} 1-0

[Event "Ch Portugal (team)"]
[Site "masterchessopen.com – Aveiro (Portugal)"]
[Round "4"]
[White "Fernando Diogo (POR)"]
[Black "Damaso Rui (POR)"]
[Result "0-1"]
[WhiteElo "2257"]
[BlackElo "2386"]

1.e4 c5 2.Nf3 d6 3.d4 cxd4 4.Nxd4 Nf6 5.Nc3 Nc6 6.Bc4 Bd7 7.O-O g6 8.h3 Nxd4
9.Qxd4 Bg7 10.f4 O-O 11.e5 Ne8 12.Be3 dxe5 13.fxe5 Nd6 14.Rad1 Nxc4 15.Qxc4
Be6 16.Qc5 Qb6 17.Rfe1 Qxb2 18.Rb1 Qxc2 19.Rec1 Qd3 20.Bg5 Rfc8 21.Qb4 Bxe5
{#R} 0-1

[Event "It (open)"]
[Site "masterchessopen.com – Bethune (France)"]
[Round "1"]
[White "Kieffer Christian (FRA)"]
[Black "Apicella Manuel (FRA)"]
[Result "0-1"]
[WhiteElo "2137"]
[BlackElo "2506"]

1.e4 c5 2.Nf3 Nc6 3.d4 cxd4 4.Nxd4 Nf6 5.Nc3 d6 6.Bc4 Qb6 7.Nb3 e6 8.Bf4 Ne5
9.Be2 a6 10.a4 Bd7 11.O-O Rc8 12.a5 Qc7 13.g4 h6 14.h4 Bc6 15.f3 Be7 16.Be3 g5
17.hxg5 hxg5 18.Bxg5 Nfxg4 19.f4 Ne3 20.Qd2 Nxf1 21.Rxf1 Bxg5 22.fxg5 Ng6
23.Bg4 Rh4 24.Nd5 {#R} 0-1

[Event "Memorial V.Ciocaltea (open)"]
[Site "masterchessopen.com – Bucharest (Romania)"]
[Round "4"]
[White "Baratosi Daniel (ROM)"]
[Black "Sima Marian (ROM)"]
[Result "0-1"]
[WhiteElo "2079"]
[BlackElo "2293"]

1.e4 c5 2.Nf3 d6 3.d4 Nf6 4.Nc3 cxd4 5.Nxd4 Nc6 6.Bc4 Qb6 7.Nb3 e6 8.Be3 Qc7
9.Bb5 Bd7 10.a4 a6 11.Be2 Ne5 12.Nd2 Bc6 13.f4 Ned7 14.Bf3 d5 15.exd5 exd5
16.Qe2 O-O-O 17.Qf2 Bd6 18.g3 Rhe8 19.Kf1 Bc5 20.Bxc5 Nxc5 21.b4 Nce4 22.Ndxe4
dxe4 23.Bg2 e3 24.Qe1 Bxg2+ 25.Kxg2 Rd2+ 26.Ne2 Qc6+ {#R} 0-1

[Event "It (b)"]
[Site "masterchessopen.com – Budapest (Hungary)"]
[Round "6"]
[White "Vass Viktor (HUN)"]
[Black "Garnier-Salvi Vincent (FRA)"]
[Result "1-0"]
[WhiteElo "2125"]
[BlackElo "1934"]

1.e4 c5 2.Nf3 Nc6 3.d4 cxd4 4.Nxd4 Nf6 5.Nc3 d6 6.Bc4 Qb6 7.Nxc6 bxc6 8.O-O e5
9.Bg5 Qxb2 10.Qd3 Qb6 11.Bxf6 gxf6 12.Nd5 Qd8 13.Rab1 cxd5 14.Qxd5 Be6 15.Bb5+
Bd7 16.Bxd7+ Ke7 17.Rb7 Rb8 18.Be8+ {#r} 1-0

[Event "It (open)"]
[Site "masterchessopen.com – Burgos (Spain)"]
[Round "5"]
[White "Rodriguez Boado Martin (ESP)"]
[Black "Carraminana Lopez Luis Antonio (ESP)"]
[Result "1-0"]
[WhiteElo "2197"]
[BlackElo "2058"]

1.e4 c5 2.Nf3 Nc6 3.d4 cxd4 4.Nxd4 Nf6 5.Nc3 d6 6.Bc4 Qb6 7.Be3 Qa5 8.Qd2 a6
9.O-O-O e6 10.f3 Be7 11.Kb1 Qc7 12.g4 h6 13.h4 b5 14.Ndxb5 axb5 15.Nxb5 Qd8
16.Nxd6+ Bxd6 17.Qxd6 Qxd6 18.Rxd6 Ne5 19.Be2 O-O 20.g5 hxg5 21.hxg5 Ne8
22.Rd2 f6 23.f4 {#r} 1-0

[Event "It (open)"]
[Site "masterchessopen.com – Cartagena (Colombia)"]
[Round "9"]
[White "Echavarria Johann (COL)"]
[Black "Pupo Emilio (COL)"]
[Result "1-0"]
[WhiteElo "2328"]
[BlackElo "2365"]

1.e4 c5 2.Nf3 d6 3.d4 cxd4 4.Nxd4 Nf6 5.Nc3 Nc6 6.Bc4 Qb6 7.Nxc6 bxc6 8.O-O e6
9.Qe2 Nd7 10.b3 Be7 11.Bb2 O-O 12.Na4 Qc7 13.f4 Bb7 14.Rad1 Rae8 15.Rd3 g6
16.Qh5 Bf6 17.Qh6 Bxb2 18.Nxb2 f5 19.Rh3 Nf6 20.exf5 gxf5 21.Bxe6+ {#r} 1-0

[Event "Moravian League 1999/00 (1st)"]
[Site "masterchessopen.com – Czech Republic"]
[Round "10"]
[White "Plasgura Petr (CZE)"]
[Black "Cvek Robert (CZE)"]
[Result "0-1"]
[WhiteElo "2176"]
[BlackElo "2408"]

1.e4 c5 2.Nf3 Nc6 3.d4 cxd4 4.Nxd4 Nf6 5.Nc3 d6 6.Bc4 Qb6 7.Nxc6 bxc6 8.Qe2 e6
9.O-O Nd7 10.b3 Be7 11.Na4 Qc7 12.Bb2 O-O 13.f4 Bb7 14.Rf3 Rfe8 15.Rh3 c5
16.Bb5 Bc6 17.Bxc6 Qxc6 18.c4 Bf6 19.e5 dxe5 20.fxe5 Bd8 21.Rf1 Re7 22.Bc1 Nf8
23.Rff3 Rd7 24.Nc3 f5 25.exf6 Bxf6 26.Ne4 Bd4+ 27.Kh1 {#R} 0-1

[Event "Ch Finland (team) 1999/00 (qual)"]
[Site "masterchessopen.com – Finland"]
[Round "1"]
[White "Salimaki Janne (FIN)"]
[Black "Innala Heikki-Pekka (FIN)"]
[Result "1-0"]
[WhiteElo "2227"]
[BlackElo "2230"]

1.e4 c5 2.Nf3 Nc6 3.d4 cxd4 4.Nxd4 Nf6 5.Nc3 d6 6.Bc4 Qb6 7.Ndb5 a6 8.Be3 Qa5
9.Nd4 Nxe4 10.Qf3 f5 11.Nxc6 bxc6 12.O-O-O d5 13.Nxe4 dxe4 14.Qe2 g6 15.Bb3
Qb5 16.Qd2 e6 17.Qd8+ Kf7 18.Rd7+ Bxd7 19.Qxd7+ Be7 20.Qxe6+ Ke8 21.Rd1 {#r}
1-0

[Event "Bayern Regionalliga Northwest 1999/00"]
[Site "masterchessopen.com – Germany"]
[Round "4"]
[White "Bahlke Wolfgang (GER)"]
[Black "Gutzeit Kurt"]
[Result "1-0"]
[WhiteElo "2130"]
[BlackElo "2020"]

1.e4 c5 2.Nf3 Nc6 3.d4 cxd4 4.Nxd4 d6 5.Nc3 Nf6 6.Bc4 g6 7.Nxc6 bxc6 8.e5 Ng8
9.O-O d5 10.Nxd5 cxd5 11.Bxd5 Bd7 12.Qf3 e6 13.Bxa8 Qc7 14.Rd1 Qxe5 15.Bf4 Qc5
16.Rxd7 Kxd7 17.Rd1+ {#r} 1-0

[Event "Bundesliga (2nd) 1999/00"]
[Site "masterchessopen.com – Germany"]
[Round "0"]
[White "Daum Holger (GER)"]
[Black "Freise Helmut (GER)"]
[Result "0-1"]
[WhiteElo "2174"]
[BlackElo "2234"]

1.e4 c5 2.Nf3 Nc6 3.d4 cxd4 4.Nxd4 Nf6 5.Nc3 d6 6.Bc4 Qb6 7.Nde2 e6 8.Bb3 a6
9.O-O Be7 10.Bg5 Bd7 11.Bxf6 gxf6 12.Nf4 h5 13.Nxh5 Qc5 14.Nf4 Qg5 15.g3 O-O-O
16.f3 Rdg8 17.Nce2 f5 18.exf5 d5 19.fxe6 fxe6 20.Nd3 Bd8 21.Kg2 Nd4 22.Ndf4
Nf5 23.Qd3 Bc7 24.Rh1 Bxf4 25.Nxf4 Nxg3 {#R} 0-1